000
00249nam a22001217a 4500
008
180914b xxu||||| |||| 00| 0 eng d
041
_a
eng
080
_a
821
100
_a
21
101
_a
GJL
245
_a
The Moderns
_c
Jones, L
942
_2
udc
_c
BK
999
_c
47775
_d
47775